[Event "19th Capablanca Memorial group A"]
[Site "Cienfuegos CUB"]
[Date "1984.05.22"]
[Round "1"]
[White "Rodriguez Cespedes, Amador"]
[Black "Zapata Ramirez, Alonso"]
[Result "1-0"]
[WhiteElo "2360"]
[BlackElo "2470"]
[EventDate "1984.05.22"]
[PlyCount "84"]

1.e4 c5 2.Nf3 e6 3.d4 cxd4 4.Nxd4 Nc6 5.Nc3 a6 6.Be2 Nge7 7.O-O Nxd4 8.
Qxd4 Nc6 9.Qd3 Qc7 10.Bg5 Bd6 11.Kh1 b5 12.Rad1 Bf4 13.Bxf4 Qxf4 14.Qd6 
Qxd6 15.Rxd6 Ke7 16.Rfd1 Rd8 17.a4 b4 18.Na2 Bb7 19.f3 Rac8 20.R1d2 Rc7 
21.Kg1 Re8 22.Kf2 Bc8 23.Nc1 Na5 24.Nb3 Nxb3 25.cxb3 Rc6 26.Rxc6 dxc6 27.
f4 Bb7 28.Rc2 Rc8 29.Ke3 c5 30.g4 h6 31.h4 Rc7 32.Bd3 e5 33.fxe5 Bc8 34.g5
hxg5 35.hxg5 Be6 36.Bc4 Bxc4 37.Rxc4 Ke6 38.Kf4 Rc8 39.Rc2 Rh8 40.Rxc5 Rh2
41.Ke3 Rh3+ 42.Kd4 Rxb3 1-0

[Event "19th Capablanca Memorial group A"]
[Site "Cienfuegos CUB"]
[Date "1984.05.22"]
[Round "1"]
[White "Toshkov, Tihomir"]
[Black "Knaak, Rainer"]
[Result "1-0"]
[WhiteElo "2440"]
[BlackElo "2490"]
[EventDate "1984.05.22"]
[PlyCount "57"]

1.d4 Nf6 2.c4 c5 3.d5 b5 4.Qc2 bxc4 5.e4 d6 6.Bxc4 g6 7.Nf3 Bg7 8.O-O O-O 
9.Nc3 Nbd7 10.Bf4 Rb8 11.Rfe1 Nh5 12.Bg5 Re8 13.h3 Qa5 14.Bd2 Ne5 15.Nxe5 
Bxe5 16.Ne2 Qb6 17.Rab1 Ba6 18.b3 Bxc4 19.bxc4 Qa6 20.Rb3 Nf6 21.f4 Bd4+ 
22.Nxd4 cxd4 23.e5 Nd7 24.e6 Nc5 25.exf7+ Kxf7 26.f5 d3 27.fxg6+ hxg6 28.
Rf1+ Kg7 29.Qb2+ 1-0

[Event "19th Capablanca Memorial group A"]
[Site "Cienfuegos CUB"]
[Date "1984.05.22"]
[Round "1"]
[White "Vera Gonzalez, Reynaldo"]
[Black "Bany, Jerzy"]
[Result "1/2-1/2"]
[WhiteElo "2440"]
[BlackElo "2430"]
[EventDate "1984.05.22"]
[PlyCount "49"]

1.d4 d5 2.c4 c6 3.Nf3 Nf6 4.cxd5 cxd5 5.Nc3 Nc6 6.Bf4 Bf5 7.e3 e6 8.Ne5 
Nd7 9.Nxc6 bxc6 10.Be2 Be7 11.O-O O-O 12.Rc1 c5 13.Nb5 a6 14.Nd6 Bg6 15.
dxc5 Nxc5 16.Rxc5 Bxd6 17.Bxd6 Qxd6 18.Qd4 Rfd8 19.f4 Be4 20.Rfc1 f6 21.
Rc6 Qe7 22.Qb6 Rdb8 23.Rxe6 Rxb6 24.Rxe7 Rxb2 25.Bf1 {2:05-1:40} 1/2-1/2

[Event "19th Capablanca Memorial group A"]
[Site "Cienfuegos CUB"]
[Date "1984.05.23"]
[Round "2"]
[White "Bany, Jerzy"]
[Black "Sunye Neto, Jaime"]
[Result "1/2-1/2"]
[WhiteElo "2430"]
[BlackElo "2470"]
[EventDate "1984.05.22"]
[PlyCount "84"]

1.Nf3 Nf6 2.g3 d5 3.d4 Bf5 4.Bg2 e6 5.O-O Be7 6.c4 c6 7.Nc3 Nbd7 8.Nh4 Bg4
9.h3 Bh5 10.cxd5 cxd5 11.Qb3 Qb6 12.g4 Bg6 13.Qxb6 Nxb6 14.g5 Nfd7 15.Bf4 
Bh5 16.Nf3 O-O 17.Rfc1 a6 18.Nd2 f6 19.gxf6 Bxf6 20.e3 Bxd4 21.Bd6 Bxc3 
22.bxc3 Rfc8 23.e4 Rc6 24.Bg3 Rac8 25.exd5 exd5 26.a4 Rxc3 27.Rxc3 Rxc3 
28.a5 Rd3 29.Bf4 Nc4 30.Nxc4 dxc4 31.Bf1 Rc3 32.Ra2 Bf7 33.Re2 Rd3 34.Re1 
Rd4 35.Be3 Rd6 36.Bf4 Rf6 37.Bg3 Be6 38.Bg2 Nc5 39.Bd6 Nd3 40.Re3 Kf7 41.
Bxb7 Nxf2 42.Bxa6 Bd5 1/2-1/2

[Event "19th Capablanca Memorial group A"]
[Site "Cienfuegos CUB"]
[Date "1984.05.23"]
[Round "2"]
[White "Fernandez Gonzalez, Juan Carlos"]
[Black "Rodriguez Cespedes, Amador"]
[Result "1/2-1/2"]
[WhiteElo "2385"]
[BlackElo "2360"]
[EventDate "1984.05.22"]
[PlyCount "31"]

1.d4 Nf6 2.c4 e6 3.Nc3 Bb4 4.e3 c5 5.Ne2 cxd4 6.exd4 O-O 7.a3 Be7 8.d5 
exd5 9.cxd5 Re8 10.d6 Bf8 11.g3 Re6 12.Bf4 Nh5 13.Be3 Rxd6 14.Qb3 Nc6 15.
Bg2 Nf6 16.O-O 1/2-1/2

[Event "19th Capablanca Memorial group A"]
[Site "Cienfuegos CUB"]
[Date "1984.05.23"]
[Round "2"]
[White "Knaak, Rainer"]
[Black "Remon Gay, Adelquis"]
[Result "1-0"]
[WhiteElo "2490"]
[BlackElo "2370"]
[EventDate "1984.05.22"]
[PlyCount "80"]

1.d4 Nf6 2.c4 c5 3.d5 b5 4.cxb5 a6 5.bxa6 g6 6.Nc3 Bxa6 7.e4 Bxf1 8.Kxf1 
d6 9.g3 Bg7 10.Kg2 O-O 11.Nf3 Nbd7 12.h3 Qc7 13.Qc2 Rfb8 14.Rd1 Qb7 15.Rb1
Ne8 16.Bg5 Nb6 17.b3 Nc8 18.a4 Nc7 19.Nd2 h6 20.Be3 Na6 21.Nc4 Nb4 22.Qd2 
Kh7 23.Nb5 Qd7 24.Qe2 Na7 25.Nba3 Nc8 26.Bc1 e6 27.dxe6 fxe6 28.Bb2 Nc6 
29.Nb5 Bxb2 30.Rxb2 d5 31.Ne3 d4 32.Ng4 Qg7 33.Qc4 Qe7 34.Qc1 g5 35.e5 Nb4
36.h4 Qb7+ 37.Kh2 Ne7 38.hxg5 Qf3 39.g6+ Kg7 40.Qxh6+ Kg8 1-0

[Event "19th Capablanca Memorial group A"]
[Site "Cienfuegos CUB"]
[Date "1984.05.23"]
[Round "2"]
[White "Zapata Ramirez, Alonso"]
[Black "Toshkov, Tihomir"]
[Result "1-0"]
[WhiteElo "2470"]
[BlackElo "2440"]
[EventDate "1984.05.22"]
[PlyCount "81"]

1.e4 e6 2.d4 d5 3.Nd2 c5 4.exd5 exd5 5.Ngf3 Nc6 6.Bb5 Bd6 7.O-O cxd4 8.Nb3
Ne7 9.Re1 O-O 10.Nfxd4 a6 11.Bf1 Ng6 12.g3 Nce5 13.h3 Bc7 14.Bg2 Qd6 15.
Bd2 Bd7 16.Bc3 Bb6 17.Qh5 f5 18.f4 Nc4 19.Qf3 Bc6 20.Kh1 Qd7 21.Re2 Rfe8 
22.Rae1 Nd6 23.Rxe8+ Rxe8 24.Rxe8+ Qxe8 25.Bb4 Nc4 26.Qd3 a5 27.Bc3 a4 28.
Nd2 Nd6 29.Kh2 Qd7 30.Nxc6 bxc6 31.Bb4 Ne8 32.c4 Nf6 33.cxd5 Nxd5 34.Nc4 
Bc7 35.Bd6 Nf6 36.Qa3 h5 37.Bxc7 Qxc7 38.Qd6 Qxd6 39.Nxd6 Ne7 40.Bf3 g6 
41.Nc4 1-0

[Event "19th Capablanca Memorial group A"]
[Site "Cienfuegos CUB"]
[Date "1984.05.24"]
[Round "3"]
[White "Fernandez Garcia, Jose Luis"]
[Black "Knaak, Rainer"]
[Result "0-1"]
[WhiteElo "2440"]
[BlackElo "2490"]
[EventDate "1984.05.22"]
[PlyCount "84"]

1.e4 e6 2.d4 d5 3.Nd2 Be7 4.Ngf3 Nf6 5.e5 Nfd7 6.Bd3 c5 7.c3 Nc6 8.O-O 
cxd4 9.cxd4 a5 10.Re1 Qb6 11.Qa4 Ndb8 12.Qc2 Bd7 13.a3 h6 14.Nb3 a4 15.
Nbd2 Na5 16.Rb1 Nb3 17.Nxb3 axb3 18.Qe2 Nc6 19.Be3 Na5 20.Rbc1 Ba4 21.Nd2 
Kd7 22.Nb1 Rhc8 23.Qg4 Bb5 24.Bxb5+ Qxb5 25.Nc3 Qc6 26.Qxg7 Nc4 27.Nd1 Qa4
28.Qxf7 Qa5 29.Rf1 Nd2 30.Bxd2 Qxd2 31.Nc3 Rf8 32.Qh5 Rxf2 33.Rxf2 Qxc1+ 
34.Qd1 Qxd1+ 35.Nxd1 Ra4 36.Rf3 Rxd4 37.Nf2 Bc5 38.Kf1 Rd2 39.Nd3 Bd4 40.
h4 h5 41.g3 Kc6 42.Nb4+ Kc5 0-1

[Event "19th Capablanca Memorial group A"]
[Site "Cienfuegos CUB"]
[Date "1984.05.24"]
[Round "3"]
[White "Remon Gay, Adelquis"]
[Black "Zapata Ramirez, Alonso"]
[Result "0-1"]
[WhiteElo "2370"]
[BlackElo "2470"]
[EventDate "1984.05.22"]
[PlyCount "68"]

1.d4 g6 2.c4 Bg7 3.Nc3 c5 4.d5 d6 5.e4 Nf6 6.f4 O-O 7.Nf3 e6 8.Be2 exd5 9.
e5 Nfd7 10.cxd5 dxe5 11.O-O exf4 12.Bxf4 Nf6 13.Qd2 a6 14.a4 Nbd7 15.Kh1 
Qa5 16.Ng5 Nb6 17.Bd6 Re8 18.Rad1 Bf5 19.g4 Nxg4 20.Rxf5 gxf5 21.Bxg4 Nc4 
22.Qf4 Nxd6 23.Qxd6 fxg4 24.Qd7 h6 25.Qxf7+ Kh8 26.Ne6 Rg8 27.d6 Bxc3 28.
bxc3 Qxc3 29.Rf1 g3 30.Qf6+ Qxf6 31.Rxf6 Kh7 32.d7 Rad8 33.Rf7+ Kg6 34.Rf8
Rxd7 {time} 0-1

[Event "19th Capablanca Memorial group A"]
[Site "Cienfuegos CUB"]
[Date "1984.05.24"]
[Round "3"]
[White "Rodriguez Cespedes, Amador"]
[Black "Agzamov, Georgy"]
[Result "1/2-1/2"]
[WhiteElo "2360"]
[BlackElo "2570"]
[EventDate "1984.05.22"]
[PlyCount "160"]

1.e4 e5 2.Nf3 Nc6 3.Bb5 a6 4.Ba4 Nf6 5.O-O Nxe4 6.d4 b5 7.Bb3 d5 8.dxe5 
Be6 9.Qe2 Be7 10.Rd1 Nc5 11.c4 d4 12.cxb5 Nxb3 13.axb3 axb5 14.Rxa8 Qxa8 
15.Bg5 Bxb3 16.Rc1 Bxg5 17.Nxg5 h6 18.Nd2 hxg5 19.Nxb3 O-O 20.e6 d3 21.
Qxd3 fxe6 22.Qe4 Qa7 23.Qxe6+ Kh8 24.Qe2 Qb6 25.Rc3 Nd4 26.Nxd4 Qxd4 27.
Rxc7 g4 28.Rc1 Rf5 29.Rc8+ Kh7 30.Qc2 g6 31.Rc7+ Kh6 32.Rc3 Rd5 33.Kf1 Qf4
34.g3 Qd4 35.Qc1+ Qd2 36.Qxd2+ Rxd2 37.Rb3 Rd5 38.Ke2 Rc5 39.Ke3 Rf5 40.
Ke2 Rc5 41.Rb4 Kg5 42.Ke3 Rf5 43.Rf4 Rc5 44.b4 Rd5 45.Re4 Kh5 46.Rd4 Re5+ 
47.Kd3 g5 48.Re4 Rd5+ 49.Ke2 Rd6 50.Re5 Re6 51.Re3 Rd6 52.Re4 Rd5 53.Ke1 
Rd6 54.Kf1 Rd1+ 55.Kg2 Rb1 56.Rd4 Rb2 57.Re4 Rb1 58.h3 gxh3+ 59.Kxh3 Rb2 
60.Kg2 Kg6 61.Rd4 Kf6 62.Kh3 Ke5 63.Rg4 Kf5 64.f4 gxf4 65.Rxf4+ Kg5 66.Rd4
Kf6 67.Kg4 Rb3 68.Kf4 Rb1 69.g4 Rf1+ 70.Ke4 Ke6 71.g5 Rg1 72.Kf4 Rf1+ 73.
Kg4 Ke5 74.Rd8 Rf4+ 75.Kh5 Rxb4 76.Re8+ Kd4 77.g6 Rb1 78.g7 Rg1 79.g8=Q 
Rxg8 80.Rxg8 b4 1/2-1/2

[Event "19th Capablanca Memorial group A"]
[Site "Cienfuegos CUB"]
[Date "1984.05.24"]
[Round "3"]
[White "Sunye Neto, Jaime"]
[Black "Garcia Martinez, Silvino"]
[Result "1/2-1/2"]
[WhiteElo "2470"]
[BlackElo "2450"]
[EventDate "1984.05.22"]
[PlyCount "49"]

1.c4 e5 2.Nc3 Nf6 3.Nf3 Nc6 4.e3 Bb4 5.Nd5 a5 6.a3 Bd6 7.Nc3 O-O 8.d4 exd4
9.exd4 Re8+ 10.Be2 Bf8 11.O-O d6 12.d5 Ne7 13.h3 Bd7 14.Bd3 c6 15.Bg5 cxd5
16.Bxf6 gxf6 17.Nxd5 Nxd5 18.cxd5 f5 19.a4 Bg7 20.Qb3 Kh8 21.Rfe1 Rxe1+ 
22.Rxe1 Rc8 23.Qxb7 Rb8 24.Qa7 Ra8 25.Qe3 1/2-1/2

[Event "19th Capablanca Memorial group A"]
[Site "Cienfuegos CUB"]
[Date "1984.05.24"]
[Round "3"]
[White "Toshkov, Tihomir"]
[Black "Fernandez Gonzalez, Juan Carlos"]
[Result "1-0"]
[WhiteElo "2440"]
[BlackElo "2385"]
[EventDate "1984.05.22"]
[PlyCount "82"]

1.d4 d6 2.Nf3 g6 3.g3 Bg7 4.Bg2 Nf6 5.O-O O-O 6.c4 Nbd7 7.Qc2 e5 8.Rd1 Re8
9.Nc3 c6 10.b3 a6 11.e4 Qe7 12.Bb2 exd4 13.Nxd4 Rb8 14.h3 c5 15.Nde2 b5 
16.cxb5 axb5 17.Nf4 Bb7 18.Nxb5 Bxe4 19.Bxe4 Qxe4 20.Qxe4 Nxe4 21.Bxg7 
Rxb5 22.Bh6 Ndf6 23.g4 g5 24.Nd5 Nxd5 25.Rxd5 f6 26.f3 Nc3 27.Rxd6 Kf7 28.
h4 gxh4 29.Bd2 Ne2+ 30.Kg2 Nd4 31.Re1 Rxe1 32.Bxe1 h3+ 33.Kxh3 Nxf3 34.Bf2
c4 35.bxc4 Rb2 36.Kg3 Ne5 37.Bd4 Rxa2 38.c5 Rc2 39.Kf4 Rg2 40.Kf5 Nxg4 41.
Rd7+ Ke8 1-0

[Event "19th Capablanca Memorial group A"]
[Site "Cienfuegos CUB"]
[Date "1984.05.25"]
[Round "4"]
[White "Agzamov, Georgy"]
[Black "Bany, Jerzy"]
[Result "1/2-1/2"]
[WhiteElo "2570"]
[BlackElo "2430"]
[EventDate "1984.05.22"]
[PlyCount "74"]

1.d4 d5 2.Nf3 Nf6 3.c4 c6 4.Nc3 e6 5.e3 Nbd7 6.Bd3 Bd6 7.e4 dxe4 8.Nxe4 
Nxe4 9.Bxe4 O-O 10.O-O h6 11.b3 e5 12.Bc2 Re8 13.Re1 Bb4 14.Bd2 Bxd2 15.
Qxd2 exd4 16.Rxe8+ Qxe8 17.Re1 Qf8 18.Qxd4 Nf6 19.Ne5 Be6 20.Rd1 Qc8 21.
Qd3 Qc7 22.f4 Re8 23.h3 Qb6+ 24.Kf1 Nh5 25.g4 Nf6 26.g5 hxg5 27.fxg5 Ne4 
28.Qxe4 Bxh3+ 29.Ke2 g6 30.Kf3 Qc7 31.Re1 Bf5 32.Qd4 c5 33.Qc3 Bxc2 34.Ng4
Rxe1 35.Nf6+ Kf8 36.Nh7+ Kg8 37.Nf6+ Kf8 1/2-1/2

[Event "19th Capablanca Memorial group A"]
[Site "Cienfuegos CUB"]
[Date "1984.05.25"]
[Round "4"]
[White "Fernandez Gonzalez, Juan Carlos"]
[Black "Remon Gay, Adelquis"]
[Result "1-0"]
[WhiteElo "2385"]
[BlackElo "2370"]
[EventDate "1984.05.22"]
[PlyCount "81"]

1.d4 d6 2.e4 g6 3.f4 Bg7 4.Nf3 c6 5.Be2 Bg4 6.c3 Bxf3 7.Bxf3 Nd7 8.Be3 e5 
9.Nd2 Bh6 10.Nc4 exf4 11.Nxd6+ Ke7 12.e5 Kf8 13.Bf2 Qe7 14.O-O Rb8 15.Qa4 
a6 16.Qa5 Bg5 17.Rfe1 Kg7 18.d5 Nh6 19.Rad1 cxd5 20.Qxd5 Nf8 21.Ba7 Ne6 
22.Bxb8 Rxb8 23.Nxb7 Nf5 24.Qd7 Qf8 25.b4 Ne3 26.Rd6 Kh6 27.Rxa6 Bh4 28.
Re2 Ng5 29.Bd5 Nxd5 30.Qxd5 Qc8 31.Nc5 Qg4 32.Kf1 f3 33.gxf3 Nxf3 34.Rg2 
Qf4 35.Ke2 Rd8 36.Rd6 Ng1+ 37.Kd3 Qf1+ 38.Kc2 Rxd6 39.exd6 Nf3 40.Rg4 Qe2+
41.Kb3 1-0

[Event "19th Capablanca Memorial group A"]
[Site "Cienfuegos CUB"]
[Date "1984.05.25"]
[Round "4"]
[White "Knaak, Rainer"]
[Black "Vera Gonzalez, Reynaldo"]
[Result "1/2-1/2"]
[WhiteElo "2490"]
[BlackElo "2440"]
[EventDate "1984.05.22"]
[PlyCount "81"]

1.d4 d5 2.c4 e6 3.Nc3 c6 4.Nf3 Nf6 5.Bg5 dxc4 6.e4 b5 7.e5 h6 8.Bh4 g5 9.
Nxg5 hxg5 10.Bxg5 Nbd7 11.g3 Bb7 12.Bg2 Qc7 13.exf6 c5 14.d5 Qe5+ 15.Qe2 
O-O-O 16.Nxb5 Qxg5 17.Nxa7+ Kc7 18.Nb5+ Kb6 19.f4 Qf5 20.b3 Kxb5 21.bxc4+ 
Ka6 22.O-O Ka7 23.Rab1 exd5 24.Bxd5 Bxd5 25.Qd2 Qxf6 26.Qa5+ Qa6 27.Qxd8 
Bg7 28.Qxd7+ Bb7 29.Rfd1 Qc6 30.Rd5 Bd4+ 31.Kf1 Ka8 32.Qxf7 Ba6 33.Rc1 Rb8
34.Kg2 Rb2+ 35.Kf3 Bb7 36.Re1 Rf2+ 37.Kg4 Qc8+ 38.f5 Bxd5 39.Qxd5+ Qb7 40.
Re8+ Ka7 41.Qe6 1/2-1/2

[Event "19th Capablanca Memorial group A"]
[Site "Cienfuegos CUB"]
[Date "1984.05.25"]
[Round "4"]
[White "Rodriguez Cespedes, Amador"]
[Black "Toshkov, Tihomir"]
[Result "1-0"]
[WhiteElo "2360"]
[BlackElo "2440"]
[EventDate "1984.05.22"]
[PlyCount "81"]

1.e4 e6 2.d4 d5 3.Nd2 Nf6 4.e5 Nfd7 5.f4 c5 6.c3 Nc6 7.Ndf3 Qa5 8.Be3 cxd4
9.Nxd4 Nxd4 10.Bxd4 Nb8 11.Nf3 Nc6 12.Be3 Bd7 13.Bd3 Rc8 14.Qe2 Be7 15.O-O
g6 16.Qf2 O-O 17.a4 f6 18.b4 Qc7 19.Qg3 Rf7 20.b5 Na5 21.exf6 Bxf6 22.Ne5 
Rg7 23.Rab1 Bxe5 24.fxe5 g5 25.Bd4 b6 26.Rf6 Nc4 27.Qf2 Qd8 28.Rf1 Qe7 29.
Bxc4 dxc4 30.Be3 h5 31.Qd2 Rd8 32.Bxg5 Qc5+ 33.R6f2 Rf8 34.Bf6 Rff7 35.
Bxg7 Rxg7 36.Qd6 Qe3 37.Kh1 Qe4 38.Rf3 Kh7 39.Qf8 Qxe5 40.Rf7 Kg6 41.R1f6+
1-0

[Event "19th Capablanca Memorial group A"]
[Site "Cienfuegos CUB"]
[Date "1984.05.25"]
[Round "4"]
[White "Zapata Ramirez, Alonso"]
[Black "Fernandez Garcia, Jose Luis"]
[Result "1/2-1/2"]
[WhiteElo "2470"]
[BlackElo "2440"]
[EventDate "1984.05.22"]
[PlyCount "68"]

1.e4 e5 2.Nf3 Nc6 3.Bb5 a6 4.Ba4 Nf6 5.O-O b5 6.Bb3 Bb7 7.Re1 Bc5 8.c3 Bb6
9.d4 d6 10.Bg5 h6 11.Bh4 Qd7 12.a4 O-O-O 13.axb5 axb5 14.Na3 g5 15.Bg3 h5 
16.h4 gxh4 17.Bxh4 Rh6 18.dxe5 Nxe5 19.Nxe5 dxe5 20.Qxd7+ Rxd7 21.Rad1 
Nxe4 22.Rxd7 Kxd7 23.Rd1+ Nd6 24.Bxf7 Rh7 25.Bg6 Rg7 26.Bf5+ Ke8 27.Bh3 
Kf7 28.Kh2 Rg8 29.Nc2 Bc8 30.Bxc8 Rxc8 31.f3 Nf5 32.Rd8 Rxd8 33.Bxd8 Nd6 
34.Kg3 Kg6 1/2-1/2

[Event "19th Capablanca Memorial group A"]
[Site "Cienfuegos CUB"]
[Date "1984.05.27"]
[Round "5"]
[White "Fernandez Garcia, Jose Luis"]
[Black "Fernandez Gonzalez, Juan Carlos"]
[Result "1/2-1/2"]
[WhiteElo "2440"]
[BlackElo "2385"]
[EventDate "1984.05.22"]
[PlyCount "80"]

1.e4 c5 2.Nf3 a6 3.d4 cxd4 4.Nxd4 Nf6 5.Nc3 g6 6.Be2 Bg7 7.O-O O-O 8.Be3 
d6 9.f4 Nbd7 10.Kh1 Re8 11.Bf3 e5 12.Nde2 exf4 13.Nxf4 Ne5 14.Bd4 Be6 15.
Nxe6 Rxe6 16.a4 Qd7 17.Be2 Qc6 18.Bd3 Rae8 19.Rf4 Nh5 20.Rf1 Nf6 21.b4 Qc8
22.b5 a5 23.Qd2 Nfd7 24.Nd5 Nc4 25.Qf2 Bxd4 26.Qxd4 Nce5 27.Rf4 Rf8 28.
Raf1 Qc5 29.Qa1 Ree8 30.Qe1 f5 31.h3 fxe4 32.Rxf8+ Rxf8 33.Rxf8+ Kxf8 34.
Bxe4 b6 35.Qh4 Kg7 36.Qe7+ Kh6 37.Qh4+ Kg7 38.Nf4 Qc4 39.Qe7+ Kh6 40.Qh4+ 
Kg7 1/2-1/2

[Event "19th Capablanca Memorial group A"]
[Site "Cienfuegos CUB"]
[Date "1984.05.27"]
[Round "5"]
[White "Remon Gay, Adelquis"]
[Black "Rodriguez Cespedes, Amador"]
[Result "1/2-1/2"]
[WhiteElo "2370"]
[BlackElo "2360"]
[EventDate "1984.05.22"]
[PlyCount "80"]

1.d4 Nf6 2.Nf3 b6 3.Bf4 Bb7 4.e3 e6 5.Bd3 Be7 6.Nbd2 Nh5 7.Bg3 d6 8.c3 Nd7
9.Qe2 a5 10.e4 g6 11.O-O O-O 12.Rfe1 Bf6 13.Rad1 Nxg3 14.hxg3 Bg7 15.Nc4 
Qe7 16.Qd2 Rfe8 17.Bc2 Qf8 18.Qg5 Rad8 19.Ne3 Qe7 20.Qxe7 Rxe7 21.Nd2 h5 
22.g4 hxg4 23.Nxg4 Nf6 24.Ne3 Bh6 25.Nec4 Bg7 26.e5 dxe5 27.Nxe5 Nd7 28.
Nxd7 Rexd7 29.Nf1 e5 30.dxe5 Rxd1 31.Rxd1 Rxd1 32.Bxd1 Bxe5 33.Ne3 Kf8 34.
Kf1 Bf4 35.g3 Bxe3 36.fxe3 Ke7 37.Ke2 Kd6 38.a3 Be4 39.Bb3 f6 40.Bf7 g5 
1/2-1/2

[Event "19th Capablanca Memorial group A"]
[Site "Cienfuegos CUB"]
[Date "1984.05.27"]
[Round "5"]
[White "Sunye Neto, Jaime"]
[Black "Knaak, Rainer"]
[Result "1/2-1/2"]
[WhiteElo "2470"]
[BlackElo "2490"]
[EventDate "1984.05.22"]
[PlyCount "55"]

1.c4 g6 2.Nc3 Bg7 3.g3 e5 4.Bg2 d6 5.e3 Nf6 6.Nge2 c6 7.O-O O-O 8.d4 Re8 
9.b4 e4 10.a4 a5 11.Ba3 axb4 12.Bxb4 Bf5 13.h3 h5 14.Rb1 Bf8 15.Ba3 Qc8 
16.Kh2 Nbd7 17.Qc2 Nh7 18.Nxe4 d5 19.Bxf8 Rxe4 20.cxd5 Rxe3 21.Qb2 Rxe2 
22.Qxe2 Ndxf8 23.dxc6 bxc6 24.Rb4 Bd7 25.Rc1 Qd8 26.h4 Nf6 27.Bxc6 Rc8 28.
Rbc4 1/2-1/2

[Event "19th Capablanca Memorial group A"]
[Site "Cienfuegos CUB"]
[Date "1984.05.27"]
[Round "5"]
[White "Toshkov, Tihomir"]
[Black "Agzamov, Georgy"]
[Result "1/2-1/2"]
[WhiteElo "2440"]
[BlackElo "2570"]
[EventDate "1984.05.22"]
[PlyCount "81"]

1.d4 Nf6 2.c4 e6 3.Nc3 Bb4 4.e3 c5 5.Bd3 Nc6 6.Ne2 d5 7.O-O O-O 8.a3 cxd4 
9.exd4 dxc4 10.Bxc4 Be7 11.Qd3 b6 12.Rd1 Bb7 13.Qh3 Qc8 14.Bg5 e5 15.Qg3 
exd4 16.Nxd4 Nxd4 17.Rxd4 Qf5 18.Rf4 Qc5 19.Re1 Nh5 20.Bxe7 Rae8 21.Qe3 
Qxe3 22.Rxe3 Nxf4 23.Bxf8 Kxf8 24.Rxe8+ Kxe8 25.g3 Ng6 26.f4 Ne7 27.Nb5 
Nc8 28.Kf2 Ke7 29.Ke3 f6 30.Bd3 g6 31.Kd4 Bc6 32.Nc3 Kd6 33.Ba6 Ne7 34.
Nb5+ Bxb5 35.Bxb5 Nf5+ 36.Kd3 Kc5 37.Bc4 Ne7 38.Bf7 a5 39.Be6 Kd6 40.Bf7 
Kc5 41.Ba2 1/2-1/2

[Event "19th Capablanca Memorial group A"]
[Site "Cienfuegos CUB"]
[Date "1984.05.27"]
[Round "5"]
[White "Vera Gonzalez, Reynaldo"]
[Black "Zapata Ramirez, Alonso"]
[Result "1-0"]
[WhiteElo "2440"]
[BlackElo "2470"]
[EventDate "1984.05.22"]
[PlyCount "123"]

1.e4 c5 2.c3 e6 3.d4 d5 4.exd5 exd5 5.Nf3 Nc6 6.Be3 c4 7.b3 cxb3 8.axb3 
Bd6 9.Be2 Nge7 10.O-O O-O 11.c4 Bg4 12.Nc3 a6 13.h3 Bh5 14.Qd2 Rc8 15.c5 
Bb8 16.Bf4 Re8 17.Bxb8 Rxb8 18.Rfe1 a5 19.Na4 Bxf3 20.Bxf3 Nf5 21.Rxe8+ 
Qxe8 22.Bxd5 Nfxd4 23.Re1 Qf8 24.Re4 Nf5 25.Bxc6 bxc6 26.Qd7 Qc8 27.Qxc8+ 
Rxc8 28.Nb6 Rd8 29.Nc4 Kf8 30.Nxa5 Rd4 31.f3 Rxe4 32.fxe4 Ne7 33.Kf2 f6 
34.Ke3 Kf7 35.b4 Ke6 36.Nb3 Ke5 37.Nd4 h5 38.g3 g6 39.Nf3+ Ke6 40.Nd4+ Ke5
41.Nf3+ Ke6 42.h4 f5 43.Kf4 fxe4 44.Kxe4 Nd5 45.Nd4+ Kd7 46.Ke5 Nxb4 47.
Kf6 Nd3 48.Nb3 Nf2 49.Kxg6 Ne4 50.Kxh5 Nxg3+ 51.Kg4 Ne4 52.Kf5 Ng3+ 53.Ke5
Nh5 54.Nd4 Ng7 55.Kf6 Nh5+ 56.Kg5 Ng3 57.h5 Ke8 58.Kg6 Kf8 59.h6 Kg8 60.
Nxc6 Ne2 61.h7+ Kh8 62.Ne5 1-0

[Event "19th Capablanca Memorial group A"]
[Site "Cienfuegos CUB"]
[Date "1984.05.28"]
[Round "6"]
[White "Rodriguez Cespedes, Amador"]
[Black "Fernandez Garcia, Jose Luis"]
[Result "1-0"]
[WhiteElo "2360"]
[BlackElo "2440"]
[EventDate "1984.05.22"]
[PlyCount "81"]

1.e4 c5 2.Nf3 d6 3.d4 cxd4 4.Nxd4 Nf6 5.Nc3 Nc6 6.Bg5 e6 7.Qd2 Be7 8.O-O-O
O-O 9.f4 h6 10.Bxf6 Bxf6 11.Nxc6 bxc6 12.Qxd6 Qb6 13.Qd3 Rb8 14.b3 Qb4 15.
Kb2 Ba6 16.Qe3 Rb6 17.e5 Be7 18.Bxa6 Rxa6 19.Rd3 c5 20.Qe4 Qa3+ 21.Kb1 Rb8
22.Rhd1 f5 23.Qe2 c4 24.Rd4 cxb3 25.cxb3 Rc6 26.Na4 Rbc8 27.Nb2 Qa5 28.Rc4
Qb5 29.Qd3 Rxc4 30.Nxc4 Rd8 31.Nd6 Qxd3+ 32.Rxd3 g5 33.g3 Kh7 34.Kc2 Kg6 
35.Nb5 Rc8+ 36.Rc3 Rxc3+ 37.Kxc3 Bc5 38.Nd4 Kf7 39.b4 Bb6 40.a4 a6 41.a5 
1-0

[Event "19th Capablanca Memorial group A"]
[Site "Cienfuegos CUB"]
[Date "1984.05.28"]
[Round "6"]
[White "Toshkov, Tihomir"]
[Black "Remon Gay, Adelquis"]
[Result "1-0"]
[WhiteElo "2440"]
[BlackElo "2370"]
[EventDate "1984.05.22"]
[PlyCount "63"]

1.d4 f5 2.Nf3 Nf6 3.g3 g6 4.b3 Bg7 5.Bb2 d6 6.Bg2 O-O 7.O-O Qe8 8.c4 h6 9.
Nc3 c6 10.d5 Na6 11.Re1 Bd7 12.Rc1 Nc5 13.Nd4 a5 14.a3 Rc8 15.e3 cxd5 16.
cxd5 g5 17.b4 axb4 18.axb4 Nce4 19.Nxe4 fxe4 20.Ne6 Bxe6 21.dxe6 Rxc1 22.
Qxc1 Qb5 23.Bxf6 Rxf6 24.Bxe4 Qxb4 25.Qb1 Qd2 26.Rf1 d5 27.Bf5 Qc3 28.Rd1 
Qc6 29.Bh3 Kh8 30.Qb4 Qc2 31.Qd2 Rxf2 32.Kxf2 1-0

[Event "19th Capablanca Memorial group A"]
[Site "Cienfuegos CUB"]
[Date "1984.05.28"]
[Round "6"]
[White "Zapata Ramirez, Alonso"]
[Black "Sunye Neto, Jaime"]
[Result "0-1"]
[WhiteElo "2470"]
[BlackElo "2470"]
[EventDate "1984.05.22"]
[PlyCount "126"]

1.e4 c5 2.Nf3 d6 3.d4 cxd4 4.Nxd4 Nf6 5.Nc3 a6 6.Be2 e5 7.Nb3 Be7 8.O-O 
O-O 9.Be3 Be6 10.Qd2 Nbd7 11.a4 Rc8 12.a5 Qc7 13.Rfc1 Qc6 14.Bf3 Bc4 15.
Ra4 Rfe8 16.Rb4 Qc7 17.Nd5 Nxd5 18.exd5 f5 19.Be2 Bxe2 20.Qxe2 Nc5 21.Rc4 
Qd7 22.f3 Qb5 23.Bxc5 dxc5 24.Re1 Bd6 25.Qd3 Qd7 26.Qc3 Qf7 27.Nxc5 Qxd5 
28.b4 e4 29.fxe4 fxe4 30.Qb3 Kh8 31.Rcxe4 Bxc5+ 32.bxc5 Qxc5+ 33.Kh1 Rxe4 
34.Rxe4 Qxa5 35.h3 Qc7 36.Qe3 h6 37.Re7 Qxc2 38.Qe5 Qb1+ 39.Kh2 Rg8 40.Qd4
Kh7 41.Qa7 Qb5 42.Qxb7 Qxb7 43.Rxb7 Ra8 44.Kg3 a5 45.Rb3 a4 46.Ra3 Kg6 47.
Kf4 Kf6 48.Ke4 Ke6 49.Kd4 Kd6 50.Kc3 Ke5 51.Kb2 Ke4 52.Ka2 Ra6 53.Rg3 g5 
54.Ka3 Ra8 55.Rf3 h5 56.Rg3 Ra5 57.Kb4 Ra6 58.Ka3 g4 59.Rc3 Kf4 60.Rc5 
gxh3 61.gxh3 h4 62.Rc3 Re6 63.Kxa4 Re3 0-1

[Event "19th Capablanca Memorial group A"]
[Site "Cienfuegos CUB"]
[Date "1984.05.29"]
[Round "7"]
[White "Bany, Jerzy"]
[Black "Knaak, Rainer"]
[Result "0-1"]
[WhiteElo "2430"]
[BlackElo "2490"]
[EventDate "1984.05.22"]
[PlyCount "58"]

1.Nf3 Nf6 2.g3 g6 3.b3 Bg7 4.Bb2 d6 5.d4 c5 6.Bg2 cxd4 7.Nxd4 d5 8.O-O O-O
9.c4 dxc4 10.bxc4 Qb6 11.Qc2 Na6 12.Nd2 Rd8 13.Qb3 Nc5 14.Qxb6 axb6 15.
N4f3 Ra4 16.Be5 Bf5 17.a3 Rda8 18.Nd4 Nfe4 19.Bxg7 Nxd2 20.Rfd1 Ndb3 21.
Nxb3 Nxb3 22.Bd4 Nxa1 23.Rxa1 Rxa3 24.Rc1 Rb3 25.Bxb7 Rb8 26.Ba6 Rd8 27.
Be3 e5 28.Kg2 Be4+ 29.Kh3 Bc6 0-1

[Event "19th Capablanca Memorial group A"]
[Site "Cienfuegos CUB"]
[Date "1984.05.29"]
[Round "7"]
[White "Fernandez Garcia, Jose Luis"]
[Black "Toshkov, Tihomir"]
[Result "1-0"]
[WhiteElo "2440"]
[BlackElo "2440"]
[EventDate "1984.05.22"]
[PlyCount "69"]

1.e4 c5 2.Nf3 e6 3.Nc3 Nc6 4.Bb5 Nge7 5.O-O a6 6.Bxc6 Nxc6 7.d4 cxd4 8.
Nxd4 d6 9.Re1 Be7 10.Nxc6 bxc6 11.Qg4 Kf8 12.e5 dxe5 13.Rxe5 Rb8 14.Qf3 f6
15.Re1 Qe8 16.Ne4 h5 17.Bf4 Rxb2 18.Bd6 Kg8 19.Qa3 Rb7 20.Rad1 Rd7 21.Bxe7
Qxe7 22.Nd6 Kh7 23.Qd3+ Kh6 24.Nxc8 Rxd3 25.Nxe7 Rc3 26.Rxe6 Rxc2 27.Nxc6 
Rxa2 28.Nb4 Rd8 29.Rf1 Ra4 30.Nxa6 Rd5 31.Nc7 Rg5 32.h3 Kg6 33.Re3 Rc4 34.
Ne6 Ra5 35.Rfe1 1-0

[Event "19th Capablanca Memorial group A"]
[Site "Cienfuegos CUB"]
[Date "1984.05.29"]
[Round "7"]
[White "Remon Gay, Adelquis"]
[Black "Agzamov, Georgy"]
[Result "0-1"]
[WhiteElo "2370"]
[BlackElo "2570"]
[EventDate "1984.05.22"]
[PlyCount "82"]

1.d4 Nf6 2.Nf3 d5 3.Bf4 c5 4.e3 Nc6 5.c3 e6 6.Nbd2 Be7 7.h3 O-O 8.Bd3 b6 
9.O-O Bb7 10.Ne5 Nxe5 11.Bxe5 c4 12.Bc2 b5 13.a3 Nd7 14.Bh2 f5 15.Qe2 a5 
16.Rfe1 Bc6 17.f3 Bh4 18.g3 Bg5 19.Qg2 b4 20.g4 Be7 21.Nf1 Kh8 22.Ng3 g6 
23.Ne2 Qb6 24.Rab1 Rae8 25.Bf4 Rf7 26.Qg3 g5 27.Be5+ Nxe5 28.Qxe5+ Bf6 29.
Qh2 f4 30.h4 b3 31.Bd1 fxe3 32.Ng3 gxh4 33.Nh5 e5 34.Nxf6 Rxf6 35.Rxe3 
exd4 36.Rxe8+ Bxe8 37.Qf2 dxc3 38.Qxb6 Rxb6 39.bxc3 Bg6 40.Rb2 d4 41.cxd4 
a4 0-1